Statistics for Sports Venues in Illinois

Click here to take the quiz!

General Stats

  • This quiz has been taken 15 times
    (10 since last reset)
  • The average score is 9 of 32

Answer Stats

SportCityAnswer% Correct
BaseballChicagoWrigley Field
90%
BasketballChampaignState Farm Center
70%
Basketball/HockeyChicagoUnited Center
70%
Basketball/HockeyRosemontAllstate Arena
60%
FootballChampaignMemorial Stadium
60%
FootballEvanstonRyan Field
60%
FootballChicagoSoldier Field
50%
BaseballChicagoGuaranteed Rate Field
40%
FootballDeKalbHuskie Stadium
40%
BasketballDeKalbConvocation Center
30%
FootballNormalHancock Stadium
30%
VolleyballChampaignHuff Hall
30%
BasketballNormalRedbird Arena
30%
FootballCarbondaleSaluki Stadium
30%
Basketball/HockeyHoffman EstatesSears Centre
30%
BasketballEvanstonWelsh-Ryan Arena
30%
BaseballPeoriaDozer Park
20%
BaseballRosemontImpact Field
20%
BaseballChicagoLes Miller Field at Curtis Granderson Stadium
20%
Basketball/HockeyRockfordBMO Harris Bank Center
10%
BaseballNormalDuffy Bass Field
10%
BaseballChampaignIllinois Field
10%
BasketballUrbanaKenney Gym
10%
BaseballGenevaNorthwestern Medicine Field
10%
BaseballSchaumburgSchaumburg Boomers Stadium
10%
BaseballNormalThe Corn Crib
10%
SoccerBridgeviewToyota Park
10%
BasketballChicagoUIC Pavilion
10%
BaseballCarbondaleAbe Martin Field
0%
Basketball/HockeyChicagoChicago Stadium
0%
BaseballChicagoComiskey Park
0%
BaseballJolietSilver Cross Field
0%

Score Distribution

Percentile by Number Answered

Percent of People with Each Score

Your Score History

You have not taken this quiz since the last reset